<?xml version="1.0" encoding="UTF-8"?><marc:collection xmlns:marc="http://www.loc.gov/MARC21/slim">
  <marc:record>
    <marc:leader>00000nam##2200000za#4500</marc:leader>
    <marc:controlfield tag="001">9.595050</marc:controlfield>
    <marc:controlfield tag="003">CaOODSP</marc:controlfield>
    <marc:controlfield tag="005">20210624202735</marc:controlfield>
    <marc:controlfield tag="007">cr |||||||||||</marc:controlfield>
    <marc:controlfield tag="008">150406|2008||||xxc|||||o    f|0| 0 fre|d</marc:controlfield>
    <marc:datafield tag="020" ind1=" " ind2=" ">
      <marc:subfield code="a">978-0-662-07105-1</marc:subfield>
    </marc:datafield>
    <marc:datafield tag="040" ind1=" " ind2=" ">
      <marc:subfield code="a">CaOODSP</marc:subfield>
      <marc:subfield code="b">fre</marc:subfield>
    </marc:datafield>
    <marc:datafield tag="043" ind1=" " ind2=" ">
      <marc:subfield code="a">n-cn---</marc:subfield>
    </marc:datafield>
    <marc:datafield tag="086" ind1="1" ind2=" ">
      <marc:subfield code="a">CW69-1/114F-PDF</marc:subfield>
    </marc:datafield>
    <marc:datafield tag="110" ind1="2" ind2=" ">
      <marc:subfield code="a">Service canadien de la faune.</marc:subfield>
    </marc:datafield>
    <marc:datafield tag="245" ind1="1" ind2="0">
      <marc:subfield code="a">Habitats terrestres clés pour les oiseaux migrateurs dans les Territoires du Nord-Ouest et au Nunavut / </marc:subfield>
      <marc:subfield code="h">[ressource électronique]</marc:subfield>
      <marc:subfield code="c">[par] P.B. Latour ... [et al.]. </marc:subfield>
    </marc:datafield>
    <marc:datafield tag="250" ind1=" " ind2=" ">
      <marc:subfield code="a">1ère éd.</marc:subfield>
    </marc:datafield>
    <marc:datafield tag="260" ind1=" " ind2=" ">
      <marc:subfield code="a">Ottawa - Ontario : </marc:subfield>
      <marc:subfield code="b">Environnement Canada. </marc:subfield>
      <marc:subfield code="c">Février 2008.</marc:subfield>
    </marc:datafield>
    <marc:datafield tag="300" ind1=" " ind2=" ">
      <marc:subfield code="a">135p. en 9 fichiers PDF.</marc:subfield>
      <marc:subfield code="b">cartes, références, tableaux, index</marc:subfield>
    </marc:datafield>
    <marc:datafield tag="490" ind1="1" ind2=" ">
      <marc:subfield code="a">Publication hors série - Service canadien de la faune</marc:subfield>
      <marc:subfield code="v">N° 114</marc:subfield>
    </marc:datafield>
    <marc:datafield tag="500" ind1=" " ind2=" ">
      <marc:subfield code="a">Publié en quelques fichiers PDF. L'ISBN (978-0-662-07104-4) qui a été copié dans cette publication est incorrect.</marc:subfield>
    </marc:datafield>
    <marc:datafield tag="520" ind1="3" ind2=" ">
      <marc:subfield code="a">Décrit les habitats terrestres clés qui sont essentiels au bien-être de diverses espèces d’oiseaux migrateurs au Canada.</marc:subfield>
    </marc:datafield>
    <marc:datafield tag="590" ind1=" " ind2=" ">
      <marc:subfield code="a">09-33</marc:subfield>
      <marc:subfield code="b">2009-08-14</marc:subfield>
    </marc:datafield>
    <marc:datafield tag="691" ind1="0" ind2="7">
      <marc:subfield code="a">Oiseau migrateur</marc:subfield>
      <marc:subfield code="2">gcpds</marc:subfield>
    </marc:datafield>
    <marc:datafield tag="720" ind1="1" ind2=" ">
      <marc:subfield code="a">Latour, P.B.</marc:subfield>
    </marc:datafield>
    <marc:datafield tag="775" ind1="0" ind2="8">
      <marc:subfield code="t">Key migratory bird terrestrial habitat sites in the Northwest Territories and Nunavut / </marc:subfield>
      <marc:subfield code="w">(CaOODSP)9.563039</marc:subfield>
    </marc:datafield>
    <marc:datafield tag="776" ind1="0" ind2="#">
      <marc:subfield code="t">Habitats terrestres clé pour les oiseaux migrateurs dans les Territoires du Nord-Ouest et au Nunavut / </marc:subfield>
      <marc:subfield code="w">(CaOODSP)9.627584</marc:subfield>
    </marc:datafield>
    <marc:datafield tag="830" ind1="#" ind2="0">
      <marc:subfield code="a">Publication hors-série (Service canadien de la faune)</marc:subfield>
      <marc:subfield code="v">N° 114</marc:subfield>
      <marc:subfield code="w">(CaOODSP)9.501188</marc:subfield>
    </marc:datafield>
    <marc:datafield tag="856" ind1="4" ind2="0">
      <marc:subfield code="a">http://publications.gc.ca</marc:subfield>
      <marc:subfield code="q">PDF</marc:subfield>
      <marc:subfield code="s">1428 Ko</marc:subfield>
      <marc:subfield code="u">https://publications.gc.ca/collections/collection_2009/ec/CW69-1-114-1F.pdf</marc:subfield>
    </marc:datafield>
    <marc:datafield tag="856" ind1="4" ind2="0">
      <marc:subfield code="a">http://publications.gc.ca</marc:subfield>
      <marc:subfield code="q">PDF</marc:subfield>
      <marc:subfield code="s">1282 Ko</marc:subfield>
      <marc:subfield code="u">https://publications.gc.ca/collections/collection_2009/ec/CW69-1-114-2F.pdf</marc:subfield>
    </marc:datafield>
    <marc:datafield tag="856" ind1="4" ind2="0">
      <marc:subfield code="a">http://publications.gc.ca</marc:subfield>
      <marc:subfield code="q">PDF</marc:subfield>
      <marc:subfield code="s">1898 Ko</marc:subfield>
      <marc:subfield code="u">https://publications.gc.ca/collections/collection_2009/ec/CW69-1-114-3F.pdf</marc:subfield>
    </marc:datafield>
    <marc:datafield tag="856" ind1="4" ind2="0">
      <marc:subfield code="a">http://publications.gc.ca</marc:subfield>
      <marc:subfield code="q">PDF</marc:subfield>
      <marc:subfield code="s">1426 Ko</marc:subfield>
      <marc:subfield code="u">https://publications.gc.ca/collections/collection_2009/ec/CW69-1-114-4F.pdf</marc:subfield>
    </marc:datafield>
    <marc:datafield tag="856" ind1="4" ind2="0">
      <marc:subfield code="a">http://publications.gc.ca</marc:subfield>
      <marc:subfield code="q">PDF</marc:subfield>
      <marc:subfield code="s">1622 Ko</marc:subfield>
      <marc:subfield code="u">https://publications.gc.ca/collections/collection_2009/ec/CW69-1-114-5F.pdf</marc:subfield>
    </marc:datafield>
    <marc:datafield tag="856" ind1="4" ind2="0">
      <marc:subfield code="a">http://publications.gc.ca</marc:subfield>
      <marc:subfield code="q">PDF</marc:subfield>
      <marc:subfield code="s">1514 Ko</marc:subfield>
      <marc:subfield code="u">https://publications.gc.ca/collections/collection_2009/ec/CW69-1-114-8F.pdf</marc:subfield>
    </marc:datafield>
    <marc:datafield tag="856" ind1="4" ind2="0">
      <marc:subfield code="a">http://publications.gc.ca</marc:subfield>
      <marc:subfield code="q">PDF</marc:subfield>
      <marc:subfield code="s">1541 Ko</marc:subfield>
      <marc:subfield code="u">https://publications.gc.ca/collections/collection_2009/ec/CW69-1-114-7F.pdf</marc:subfield>
    </marc:datafield>
    <marc:datafield tag="856" ind1="4" ind2="0">
      <marc:subfield code="a">http://publications.gc.ca</marc:subfield>
      <marc:subfield code="q">PDF</marc:subfield>
      <marc:subfield code="s">1466 Ko</marc:subfield>
      <marc:subfield code="u">https://publications.gc.ca/collections/collection_2009/ec/CW69-1-114-6F.pdf</marc:subfield>
    </marc:datafield>
    <marc:datafield tag="856" ind1="4" ind2="0">
      <marc:subfield code="a">http://publications.gc.ca</marc:subfield>
      <marc:subfield code="q">PDF</marc:subfield>
      <marc:subfield code="s">724 Ko</marc:subfield>
      <marc:subfield code="u">https://publications.gc.ca/collections/collection_2009/ec/CW69-1-114-9F.pdf</marc:subfield>
      <marc:subfield code="y">N° 114</marc:subfield>
    </marc:datafield>
  </marc:record>
</marc:collection>
